Statistiques concernant Français célèbres - Quiz d'images #2

Cliquez ici pour prendre le quiz!

Statistiques générales

  • Ce quiz a été pris 221 fois
  • Le résultat moyen est 8 sur 12

Statistiques - réponses

Réponse% Correct
Nicolas Sarkozy
99%
Zinedine Zidane
96%
Brigitte Bardot
93%
Vanessa Paradis
92%
Audrey Tautou
76%
Alain Prost
67%
Roman Polanski
63%
Alain Delon
48%
Juliette Binoche
45%
Jean-Paul Sartre
43%
Simone de Beauvoir
41%
Gabrielle "Coco"Chanel
24%

Distribution des résultats

Percentile par nombre de réponses

% des personnes avec chaque résultat

Votre développement - résultats

Vous n’avez pas pris ce quiz